Turning Points (Record no. 342311)

MARC details
000 -LEADER
fixed length control field 00438nam a2200157Ia 4500
008 - FIXED-LENGTH DATA ELEMENTS--GENERAL INFORMATION
fixed length control field 230718s9999 xx 000 0 und d
041 ## - LANGUAGE CODE
Language code of text/sound track or separate title eng
082 ## - DEWEY DECIMAL CLASSIFICATION NUMBER
Classification number 920
Item number KAL
100 ## - MAIN ENTRY--PERSONAL NAME
Personal name Kalam A.P.J.A.
245 ## - TITLE STATEMENT
Title Turning Points
Remainder of title A Journey Through Challenges
260 ## - PUBLICATION, DISTRIBUTION, ETC. (IMPRINT)
Date of publication, distribution, etc. 2012
Name of publisher, distributor, etc. Harper Collins
300 ## - PHYSICAL DESCRIPTION
Extent 182
365 ## - TRADE PRICE
Currency code Rs.
Price amount 133.00
700 ## - ADDED ENTRY--PERSONAL NAME
Personal name Kalam A.P.J.A.
906 ## - LOCAL DATA ELEMENT F, LDF (RLIN)
d O:0517130-Jun-2016B:TG-HYD7-133194821-6924-Jun-2016
c MECH
Holdings
Withdrawn status Lost status Damaged status Not for loan Home library Current library Date acquired Vendor Budget Code Cost, normal purchase price Bill number Total Checkouts Full call number Barcode Date last seen Date last checked out Cost, replacement price Bill Date Koha item type Original Barcode
        Cummins College of Engineering for Women Pune Cummins College of Engineering for Women Pune 30/06/2016 Amazon MECH 133.00 TG-HYD7-133194821-69 7 920 CCEP-BK-53518 06/05/2025 20/04/2025 133.00 24/06/2016 Books 053518